| 000 | 00721nam a2200217 4500 | ||
|---|---|---|---|
| 001 | 123389 | ||
| 003 | ES-MaACL | ||
| 005 | 20250905133305.0 | ||
| 007 | t| | ||
| 008 | 070214s1972 sp r ||||1| spa d | ||
| 100 | 1 |
_aRadcliffe-Brown, A. R. _994909 |
|
| 245 | 1 | 0 |
_aEstructura y función en la sociedad primitiva / _cA. R. Radcliffe-Brown ; prólogo de E. E. Evans-Pritchard y Fred Eggar ; traducción de Angela Pérez. |
| 250 | _a1ª ed. | ||
| 260 |
_aBarcelona : _bPenínsula, _c1972. |
||
| 300 |
_a249 p. ; _c21 cm. |
||
| 700 | 1 |
_aEvans-Pritchard, E. E. _948377 |
|
| 700 | 1 |
_aEggar, Fred. _946719 |
|
| 700 | 1 |
_aPérez Gómez, Ángela _990555 |
|
| 852 |
_aES-MaACL _jC-43533 _bR.82391 |
||
| 999 |
_c123389 _d123389 |
||